Normal view
MARC view
- Mahmoudzadeh
Entry Personal Name
001 - CONTROL NUMBER
- control field: 91963
003 - CONTROL NUMBER IDENTIFIER
- control field: NUST
005 - DATE AND TIME OF LATEST TRANSACTION
- control field: 20220601110533.0
008 - FIXED-LENGTH DATA ELEMENTS
- fixed length control field: 220601|| aca||aabn | a|a d
040 ## - CATALOGING SOURCE
- Original cataloging agency: NUST
- Transcribing agency: NUST
100 ## - HEADING--PERSONAL NAME
- Personal name: Mahmoudzadeh
670 ## - SOURCE DATA FOUND
- Source citation: Work cat.: (NUST): Mahmoudzadeh, Autonomy and Unmanned Vehicles /, 2019
